| 000 | 004010000a22001690004500 | ||
|---|---|---|---|
| 020 | _a0-88207-715-5 | ||
| 041 | 0 | _aENG | |
| 082 | 0 | 4 | _aG 242.7 C5549w |
| 100 | 1 | _aChristenson, Evelyn | |
| 245 | 1 | 0 | _aWhat happens when women pray / Evelyn Christenson |
| 250 | _a28 | ||
| 260 | _aWheaton, ILL., USA : Victor | ||
| 300 | _a144 Pag | ||
| 650 | 1 | 4 | _aORACION - CRISTIANISMO |
| 001 | 5057 | ||
| 942 | _cBK | ||
| 999 |
_c35531 _d35531 |
||